| 000 | 01613cam a2200337 i 4500 | ||
|---|---|---|---|
| 999 |
_c85578 _d322855 |
||
| 001 | 1012223999 | ||
| 003 | OCoLC | ||
| 005 | 20230109103730.0 | ||
| 008 | 181012s2019 flua b 001 0 eng | ||
| 010 | _a2018043073 | ||
| 020 |
_a9781498774581 _qhardcover _qacid-free paper |
||
| 020 |
_a149877458X _qhardcover _qacid-free paper |
||
| 020 |
_z9781498774598 _qelectronic book |
||
| 035 | _a(OCoLC)1012223999 | ||
| 040 |
_aDLC _beng _erda _cDLC _dOCLCF _dOCLCO _dYDX |
||
| 042 | _apcc | ||
| 050 | 0 | 0 |
_aTA163 _b.M85 2019 |
| 082 | 0 | 0 |
_a620.00286 _223 _bMCS |
| 100 | 1 |
_aMulligan, Catherine N., _eauthor _9116062 |
|
| 245 | 1 | 0 |
_aSustainable engineering : _bprinciples and implementation / _cCatherine N. Mulligan |
| 264 | 1 |
_aBoca Raton, FL : _bCRC Press/Taylor & Francis Group, CRC Press is an imprint Taylor & Francis Group, an Informa business, _c[2019] |
|
| 300 |
_axv, 216 pages ; _c25 cm |
||
| 504 | _aIncludes bibliographical references and index | ||
| 505 | 0 | _aAn introduction to sustainable development and engineering -- Sustainable engineering theory and concepts -- Life cycle assessment for sustainability -- Guidelines and frameworks related to sustainable engineering -- Sustainable material, energy and water use -- Management of contaminants in the environment -- Indicators for sustainable design -- Implementation of sustainable engineering practices | |
| 650 | 0 |
_aSustainable engineering _9116063 |
|
| 650 | 0 |
_aConservation of natural resources _9116064 |
|
| 650 | 0 |
_aEnvironmental protection _9116065 |
|
| 650 | 0 |
_aPollution _964926 |
|
| 650 | 0 |
_aGreen products _9116066 |
|
| 942 |
_2ddc _cBOOK |
||